000 00340nam a2200133Ia 4500
008 240624s9999 xx 000 0 und d
041 _aeng
082 _a332.041 PET
100 _aPETERSON MARK
245 _aSUSTAINABLE ENTERPRISE A MACROMARKETING
260 _c2013
_aLondon
_bSage
300 _axx, : 533 : p. : cm. ; 23
365 _c
_b38
999 _c21910
_d21910